LEADER 03260nam 2200601 450 001 9910795390903321 005 20240116034036.0 010 $a1-63853-536-1 010 $a1-62623-824-3 024 7 $a10.1055/b-006-160141 035 $a(CKB)4940000000149972 035 $a(MiAaPQ)EBC5989304 035 $a10.1055-b-006-160141 035 $a(DE-2912)1579188215565 035 $a(EXLCZ)994940000000149972 100 $a20200115d2020 uy 0 101 0 $aeng 135 $aurcnu|||||||| 181 $ctxt$2rdacontent 182 $cc$2rdamedia 183 $acr$2rdacarrier 200 10$aEyelid Reconstruction /$fby: Freitag, Suzanne K., Lee, N. Grace, Lefebvre, Daniel R., Yoon, Michael K. 210 1$aNew York, New York :$cThieme,$d[2020] 210 4$d©2020 215 $a1 online resource (132 pages) $cillustrations 311 $a1-62623-823-5 327 $a1 Periocular Anatomy -- 2 Periorbital Surgical Principles -- 3 Mohs Micrographic Surgery for Periorbital Cutaneous Malignancies -- 4 Medial Canthal Eyelid Reconstruction -- 5 Lower Eyelid Reconstruction -- 6 Upper Eyelid Reconstruction -- 7 Lateral Canthal Eyelid Reconstruction -- 8 Eyelid Reconstruction following Trauma -- Index. 330 $aHighly practical eyelid surgery resource informs important reconstruction decisions and strategies Skin malignancies frequently affect the periocular area, necessitating excision followed by eyelid reconstruction. Periocular trauma is also quite common, and because of the highly complex regional anatomy, requires expertise for effective reconstruction. Preparation by ophthalmic plastic surgeons prior to periorbital reconstruction is often not possible due to the unpredictability of defects left after Mohs micrographic surgeons clear tumor margins or in cases of trauma. Eyelid Reconstruction by. 606 $aEyelids$xSurgery 606 $aEyelid Neoplasms$xsurgery$3(DNLM)D005142Q000601 606 $aEyelids$xinjuries$3(DNLM)D005143Q000293 606 $aEyelids$xsurgery$3(DNLM)D005143Q000601 615 0$aEyelids$xSurgery. 615 12$aEyelid Neoplasms$xsurgery 615 22$aEyelids$xinjuries 615 22$aEyelids$xsurgery 676 $a617.771059 700 $aFewkes$b Jessica$4aut$4http://id.loc.gov/vocabulary/relators/aut$01556352 702 $aFreitag$b Suzanne K$4edt$4http://id.loc.gov/vocabulary/relators/edt 702 $aLee$b N. Grace$4edt$4http://id.loc.gov/vocabulary/relators/edt 702 $aLefebvre$b Daniel R$4edt$4http://id.loc.gov/vocabulary/relators/edt 702 $aYoon$b Michael K$4edt$4http://id.loc.gov/vocabulary/relators/edt 702 $aGlass$b Lora R. Dagi$4aut$4http://id.loc.gov/vocabulary/relators/aut 702 $aJiménez-Pérez$b Juan C$4aut$4http://id.loc.gov/vocabulary/relators/aut 702 $aRasool$b Nailyn$4aut$4http://id.loc.gov/vocabulary/relators/aut 702 $aStarks$b Victoria$4aut$4http://id.loc.gov/vocabulary/relators/aut 702 $aYancovitz$b Molly$4aut$4http://id.loc.gov/vocabulary/relators/aut 702 $aYu$b Sherry H$4aut$4http://id.loc.gov/vocabulary/relators/aut 801 0$bDE-2912 906 $aBOOK 912 $a9910795390903321 996 $aEyelid Reconstruction$93818966 997 $aUNINA LEADER 01939nas 2200601-a 450 001 996215392503316 005 20230227213019.0 011 $a1551-1294 035 $a(DE-599)ZDB2195912-2 035 $a(OCoLC)55802000 035 $a(CKB)1000000000025131 035 $a(CONSER)--2004215455 035 $a(EXLCZ)991000000000025131 100 $a20040702b20052009 s-- a 101 0 $aeng 135 $aurcnu|||||||| 181 $ctxt$2rdacontent 182 $cc$2rdamedia 183 $acr$2rdacarrier 200 10$aNanobiotechnology $ethe journal at the intersection of nanotechnology, molecular biology, and biomedical sciences 210 $a[Totowa, N.J.] $cHumana Press 300 $aRefereed/Peer-reviewed 300 $aTitle from journal information screen (FirstSearch, viewed Sept. 7, 2006). 311 $a1551-1286 531 $aNANOBIO TECHNOLOGY 531 $aNANOBIOTECHNOLOGY : THE JOURNAL AT THE INTERSECTION OF NANOTECHNOLOGY, MOLECULAR BIOLOGY, AND BIOMEDICAL SCIENCES. 606 $aBiotechnology$vPeriodicals 606 $aNanotechnology$vPeriodicals 606 $aMolecular biology$vPeriodicals 606 $aNanotechnology 606 $aBiotechnology 606 $aMolecular Biology 606 $aBiotechnology$2fast$3(OCoLC)fst00832729 606 $aMolecular biology$2fast$3(OCoLC)fst01024734 606 $aNanotechnology$2fast$3(OCoLC)fst01032639 608 $aPeriodical. 608 $aPeriodicals.$2fast 608 $aPeriodicals.$2lcgft 615 0$aBiotechnology 615 0$aNanotechnology 615 0$aMolecular biology 615 12$aNanotechnology. 615 22$aBiotechnology. 615 22$aMolecular Biology. 615 7$aBiotechnology. 615 7$aMolecular biology. 615 7$aNanotechnology. 676 $a620 676 $a660.6 906 $aJOURNAL 912 $a996215392503316 996 $aNanobiotechnology$92309721 997 $aUNISA